| 000 | 00636nam a2200217 a 4500 | ||
|---|---|---|---|
| 005 | 20220608063500.0 | ||
| 008 | 090526s2004 es r 000 0 spa d | ||
| 020 | _a8421618059 | ||
| 035 | _aUPN01000170665 | ||
| 049 | _aCG | ||
| 050 | 4 |
_aPQ6702 O4.4 _bN8.4 2004 |
|
| 100 | 1 |
_aBolín, Samuel _930064 |
|
| 245 | 1 | 0 |
_aNuevos casos del comisario Antonino / _cSamuel Bolín ; il. Nino Velasco. |
| 250 | _a6a ed. | ||
| 260 |
_aMadrid : _bBruño, _c2004. |
||
| 300 |
_a153 p. : _bil. |
||
| 440 | 0 |
_aAltamar ; _v57 |
|
| 650 | 0 |
_aCuentos policíacos y de misterio _92405 |
|
| 650 | 0 |
_aLiteratura juvenil española _912359 |
|
| 905 | _aLibro | ||
| 999 |
_c142770 _d142770 |
||